<?xml version="1.0" encoding="UTF-8"?>
<collection xmlns="http://www.loc.gov/MARC21/slim">
 <record>
  <leader>02568nab a2200241 i 4500</leader>
  <controlfield tag="001">acta53907</controlfield>
  <controlfield tag="005">20231107124035.0</controlfield>
  <controlfield tag="008">180628s2016    hu      o     0||   hun d</controlfield>
  <datafield tag="020" ind1=" " ind2=" ">
   <subfield code="a">978-963-306-479-5</subfield>
  </datafield>
  <datafield tag="022" ind1=" " ind2=" ">
   <subfield code="a">0324-6523</subfield>
  </datafield>
  <datafield tag="040" ind1=" " ind2=" ">
   <subfield code="a">SZTE Egyetemi Kiadványok Repozitórium</subfield>
   <subfield code="b">hun</subfield>
  </datafield>
  <datafield tag="041" ind1=" " ind2=" ">
   <subfield code="a">hun</subfield>
  </datafield>
  <datafield tag="041" ind1=" " ind2=" ">
   <subfield code="a">eng</subfield>
  </datafield>
  <datafield tag="100" ind1="1" ind2=" ">
   <subfield code="a">Heka László</subfield>
  </datafield>
  <datafield tag="245" ind1="1" ind2="0">
   <subfield code="a">Horvátország 2014. évi szociális jogi reformja, különös tekintettel a háborús veteránok jogaira</subfield>
   <subfield code="h">[elektronikus dokumentum] /</subfield>
   <subfield code="c"> Heka László</subfield>
  </datafield>
  <datafield tag="260" ind1=" " ind2=" ">
   <subfield code="a">Szegedi Tudományegyetem Állam- és Jogtudományi Kar</subfield>
   <subfield code="b">Szeged</subfield>
   <subfield code="c">2016</subfield>
  </datafield>
  <datafield tag="300" ind1=" " ind2=" ">
   <subfield code="a">219-228</subfield>
  </datafield>
  <datafield tag="490" ind1="0" ind2=" ">
   <subfield code="a">Acta Universitatis Szegediensis : acta juridica et politica</subfield>
   <subfield code="v">79</subfield>
  </datafield>
  <datafield tag="520" ind1="3" ind2=" ">
   <subfield code="a">The Republic of Croatia declared its independence from Yugoslavia on the June 25, 1991, but on the initiative of the then European Community (Communitee), Croatia had to postpone the effect of the proclamation to the October 8, 1991. However, the federal Yugoslav administration and the army, supported by the local Serbs, opposed the proclamation of independence occupying almost one third of Croatian territory. What followed was a four-year war that ended only by the departure of the UN forces and demilitarization of the formerly occupied zones on January 15, 1998. A the beginning of the war many Croats signed up into army as volunteers, and during the war one third of them became invalids of the war. The Law on the Rights of the Croatian Homeland War guaranteed the Veterans and their family members certain social rights, as well as for the detainees in Serbian camps, their family members and for the wounded, sick and injured soldiers. The Veterans nowadays have the following rights: The right to healthcare, the right to pension insurance, old-age pension and early retirement pension, the right to disability pension, the right to their remaining work capacity, the right to a survivor's pension, the right to the minimum pension, and the right to the insurance period or special internship. The right to children's allowance, the right to employment, the right to housing care, the right to shares in the Company free of charge and other rights. The severe economic situation in Croatia has led to the need for reducing the part of these rights, which – with political grounds led to a Veteran strike that has been going for a year.</subfield>
  </datafield>
  <datafield tag="650" ind1=" " ind2="4">
   <subfield code="a">Társadalomtudományok</subfield>
  </datafield>
  <datafield tag="650" ind1=" " ind2="4">
   <subfield code="a">Jogtudomány</subfield>
  </datafield>
  <datafield tag="695" ind1=" " ind2=" ">
   <subfield code="a">Szociális jog - Horvátország - 2014</subfield>
  </datafield>
  <datafield tag="856" ind1="4" ind2="0">
   <subfield code="u">http://acta.bibl.u-szeged.hu/53907/1/juridpol_079_219-228.pdf</subfield>
   <subfield code="z">Dokumentum-elérés </subfield>
  </datafield>
 </record>
</collection>
